000 00386nam a22001457a 4500
999 _c8896
_d8896
003 OSt
008 200713b ||||| |||| 00| 0 eng d
020 _a9788185731896
100 _aKamboj , P.C.
245 _aPharmaceutical Analysis-2
260 _aNew Delhi
_bVallabh Publication
_c2019
300 _aPg-504
650 _aPharmaceutical Analysis and Quality Assurance
942 _2ddc
_cBK